000
00222 a2200097 4500
001
46349
100
_a
Saib, Syed Husaini
245
_a
Kalam Saib Hyder Abadi
260
_a
Karachi
_b
Aiwan-e-Urdu
_c
090
_c
29468
_d
29468
942
_a
NUST-CAE
_c
M
_c
21633
999
_c
281422
_d
281422